Elitelore /

Enregistré dans:
Détails bibliographiques
Auteur principal: Wilkie, James W. (autor)
Format: Livre
Langue:anglais
Publié: Los Angeles, Estados Unidos : University of California Los Angeles, Latin American Center, 1973, c1973
Collection:(Latin American Studies UCLA ; 22)
Sujets:
Tags: Ajouter un tag
Pas de tags, Soyez le premier à ajouter un tag!

MARC

LEADER 00000cam^a2200000uu^4500
001 000466976
005 20250612191021.0
008 050901s1973^^^^^^^^^^^^rd^r^^000^0^eng^d
009 20260526145952.64
020 |a 0-87903-022-4 
035 |a FCE 000009617 
035 |a FCE 027243 
037 |a Acervo ITESO - Biblioteca 
041 |a ING 
082 |a 305.52  |b WILe 
100 |a Wilkie, James W.  |e (autor) 
245 1 0 |a Elitelore /  |c J.W. Wilkie. 
264 4 |a Los Angeles, Estados Unidos :  |b University of California Los Angeles, Latin American Center,  |c 1973, c1973 
300 |a 87 p. 
336 |a texto  |b txt  |2 rdacontenido 
337 |a sin mediación  |b n  |2 rdamedio 
338 |a volumen  |b nc  |2 rdasoporte 
440 1 |a (Latin American Studies UCLA ;  |v 22) 
649 |a XX 
650 |a Elites -  |z Latinoamérica -  |x Condiciones Sociales y Culturales -  |x Tema Principal 
650 |a Clase Alta -  |z Latinoamérica -  |x Condiciones Sociales y Culturales -  |x Tema Principal 
650 |a Latinoamérica -  |x Condiciones Sociales y Culturales 
650 |a Sociología 
910 |a Fondo Centro de Estudios Educativos 
920 |a Impresos - Libros 
930 |a Fondos Especiales 
905 |a 133 
901 |a ALE027243  |b IT2  |c CEE  |u 20250521 
902 |a https://opac.biblio.iteso.mx/vufind/Record/000466976